Erewhon; or, Over the range.

Saved in:
Bibliographic Details
Main Author: Butler, Samuel, 1835-1902
Format: Book
Language:English
Published: [Harmondsworth] : Penguin Books, [1954]
Subjects:
LEADER 00875nam a22002411 4500
001 c000071296
003 CARM
005 00000000000000.0
008 971105s1954 enk 00000 eng d
019 1 |a 13505207  |5 LACONCORD2021 
035 |a (OCoLC)222771657  |5 LACONCORD2021 
040 |a VMOU  |c VMOU 
100 1 |a Butler, Samuel,  |d 1835-1902. 
245 1 0 |a Erewhon;  |b or, Over the range. 
246 1 0 |a Over the range. 
260 |a [Harmondsworth] :  |b Penguin Books,  |c [1954] 
500 |a The present text is that of the revised edition of 1901. 
500 |a M copy published by Golden Press, 1973 
650 0 |a Utopias. 
852 8 |b CARM  |h A2:AB02G0  |i A00595  |p 0089250  |f BK 
082 0 |a 820.8 
999 f f |i c58bac5f-514d-5610-9654-37c2a154bbd3  |s 4c757f54-a887-5a51-844a-4c96b38d0b04 
952 f f |p Can circulate  |a CAVAL  |b CAVAL  |c CAVAL  |d CARM 1 Store  |e A00595  |f A2:AB02G0  |h Other scheme  |i book  |m 0089250